000 00811cam a2200289 4500
999 _c128746
_d128746
001 297532
003 ARRUPE
005 20190109101107.0
008 720202s1971 enkach 000 0 eng
010 _a 71882918
015 _aB71-06885
020 _a0600435016
040 _aDLC
_cDLC
_dDLC
043 _ae-uk-en
050 0 0 _aSPC. TS680
_b.B86
082 0 0 _a739.2/3/742
100 1 _aBury, Shirley.
_943893
245 1 0 _aVictorian electroplate.
_cShirley Bury
260 _aFeltham,
_bHamlyn,
_c1971.
300 _a63 p.
_billus., facsims., port.
_c19 cm.
350 _a£0.65
490 0 _aCountry Life collectors' guides
500 _aCaption title.
650 0 _aSilver-plating.
_943894
650 0 _aSilver-plated ware, Victorian.
_943895
906 _a7
_bcbc
_corignew
_d4
_encip
_f19
_gy-gencatlg
942 _2lcc
_cMONOGRAPH